East African cases on the law of tort, (Record no. 419)

MARC details
000 -LEADER
fixed length control field 00863cam a2200301 4500
001 - CONTROL NUMBER
control field 1719815
003 - CONTROL NUMBER IDENTIFIER
control field OSt
005 - DATE AND TIME OF LATEST TRANSACTION
control field 20150624113906.0
008 - FIXED-LENGTH DATA ELEMENTS--GENERAL INFORMATION
fixed length control field 721018s1972 enk 001 0 eng
010 ## - LIBRARY OF CONGRESS CONTROL NUMBER
LC control number 72191789
015 ## - NATIONAL BIBLIOGRAPHY NUMBER
National bibliography number B72-17954
020 ## - INTERNATIONAL STANDARD BOOK NUMBER
International Standard Book Number 0421163208
-- 0421163305 (pbk)
022 ## - INTERNATIONAL STANDARD SERIAL NUMBER
International Standard Serial Number 0421163208
040 ## - CATALOGING SOURCE
Original cataloging agency DLC
Transcribing agency DLC
Modifying agency DLC
043 ## - GEOGRAPHIC AREA CODE
Geographic area code b------
-- fe-----
050 00 - LIBRARY OF CONGRESS CALL NUMBER
Classification number LAW
082 00 - DEWEY DECIMAL CLASSIFICATION NUMBER
Classification number 346.03 VE I
Edition number 19
100 1# - MAIN ENTRY--PERSONAL NAME
Personal name Veitch, E.
9 (RLIN) 1225
245 10 - TITLE STATEMENT
Title East African cases on the law of tort,
Statement of responsibility, etc by E. Veitch.
260 ## - PUBLICATION, DISTRIBUTION, ETC. (IMPRINT)
Place of publication, distribution, etc London,
Name of publisher, distributor, etc Sweet and Maxwell,
Date of publication, distribution, etc 1972.
300 ## - PHYSICAL DESCRIPTION
Extent xxiii, 285 p.
Dimensions 23 cm.
350 ## - PRICE (NR) (BK AM CF MU VM SE) [OBSOLETE]
Price £4.00
440 #0 - SERIES STATEMENT/ADDED ENTRY--TITLE
Title Law in Africa ;
Volume number/sequential designation no. 31
9 (RLIN) 1226
650 #0 - SUBJECT ADDED ENTRY--TOPICAL TERM
Topical term or geographic name as entry element Torts
Geographic subdivision Africa, East
General subdivision Cases.
9 (RLIN) 1227
650 #0 - SUBJECT ADDED ENTRY--TOPICAL TERM
Topical term or geographic name as entry element Torts
Geographic subdivision Commonwealth countries
General subdivision Cases.
9 (RLIN) 1228
906 ## - LOCAL DATA ELEMENT F, LDF (RLIN)
a 7
b cbc
c orignew
d 3
e ncip
f 19
g y-gencatlg
942 ## - ADDED ENTRY ELEMENTS (KOHA)
Source of classification or shelving scheme Dewey Decimal Classification
Koha item type Books
Holdings
Withdrawn status Lost status Source of classification or shelving scheme Damaged status Not for loan Home library Current library Shelving location Date acquired Total Checkouts Full call number Barcode Date last seen Price effective from Koha item type
    Dewey Decimal Classification     Law Development Centre Main Library Law Development Centre Main Library Text Books and Laws 04/19/2011   346.03 VEI 2011/3131 04/19/2011 04/19/2011 Books
    Dewey Decimal Classification     Law Development Centre Main Library Law Development Centre Main Library Text Books and Laws 04/19/2011   346.03 VEI 2011/3130 04/19/2011 04/19/2011 Books
    Dewey Decimal Classification     Law Development Centre Main Library Law Development Centre Main Library Text Books and Laws 04/19/2011   346.03 VEI 2011/3132 04/19/2011 04/19/2011 Books